[Event "Thursday Knighter III: PREMIER"]
[Site "Minneapolis, MN"]
[Date "2018.03.22"]
[Round "4.1"]
[White "Hoover, Nathan"]
[Black "Britt, Thomas"]
[Result "1/2-1/2"]
[WhiteElo "1979"]
[BlackElo "1460"]

1. e4 c5 2. Nf3 d6 3. d4 cxd4 4. Nxd4 Nf6 5. Nc3 a6 6. Bc4 e6 7. Bb3 Nbd7 8.
O-O Nc5 9. Qe2 Qc7 10. f4 Nxb3 11. axb3 Be7 12. Kh1 O-O 13. e5 Nd7 14. exd6
Qxd6 15. Rd1 Qb6 16. Be3 Qc7 17. f5 Nf6 18. Bf2 b5 19. Ncxb5 Qb7 20. Nc3 exf5
21. Qf3 Qxf3 22. Nxf3 Bb7 23. Ne5 Rfd8 24. Kg1 Rac8 25. Bb6 Rd6 26. Rxd6 Bxd6
27. Nc4 Bb8 28. Rd1 Re8 29. Nd6 Bxd6 30. Rxd6 h6 31. Bd4 Ng4 32. Bf2 f4 33.
Rb6 Re7 34. h3 Ne5 35. Bc5 Rd7 36. Bd6 Nc6 37. Bxf4 Nd4 38. Bd6 Nf5 39. Bc5
Kh7 40. Bf2 Bc8 41. Rc6 Ne7 42. Rc5 Bb7 43. Rc4 f5 44. Rd4 Rxd4 45. Bxd4 Nc6
46. Bc5 g5 47. Kf2 Kg6 48. b4 Ne5 49. b3 Bc6 50. Bd4 Nf7 51. Na4 Nd6 52. Nc5
Ne4+ 53. Nxe4 Bxe4 54. c4 Kf7 55. b5 axb5 56. cxb5 f4 57. b6 Ke6 58. b4 Kf5
59. g4+ fxg3+ 60. Kxg3 h5 61. Kf2 Bb7 62. Ke3 g4 63. hxg4+ hxg4 64. Kf2 {#d}
1/2-1/2

[Event "Thursday Knighter III: PREMIER"]
[Site "Minneapolis, MN"]
[Date "2018.03.22"]
[Round "4.2"]
[White "Zelkind, Eduard"]
[Black "Diaz, Carlos"]
[Result "0-1"]
[WhiteElo "2200"]
[BlackElo "2045"]

1. Nf3 Nf6 2. c4 g6 3. Nc3 d6 4. d4 Bg7 5. e4 O-O 6. Be2 e5 7. O-O Nc6 8. d5
Ne7 9. Ne1 Nd7 10. Be3 f5 11. f3 f4 12. Bf2 g5 13. Nd3 Ng6 14. b4 h5 15. c5
Nf6 16. h3 Rf7 17. cxd6 cxd6 18. Rc1 Bf8 19. Nb2 g4 20. fxg4 hxg4 21. hxg4 Rg7
22. Nc4 b5 23. Nd2 a6 24. Bf3 Ne7 25. Qe2 Nxg4 26. Rfe1 Qe8 27. Bxg4 Bxg4 28.
Nf3 Qh5 29. Kf1 Bh3 30. Nh4 f3 31. Qe3 Rxg2 32. Nxf3 Bh6 33. Qd3 Rf8 34. Ke2
Rxf3 {#R} 0-1

[Event "Thursday Knighter III: PREMIER"]
[Site "Minneapolis, MN"]
[Date "2018.03.22"]
[Round "4.3"]
[White "Sokolovskaya, Serafima"]
[Black "Louie, Terry"]
[Result "1-0"]
[WhiteElo "1980"]
[BlackElo "1506"]

1. e4 c5 2. Nf3 Nc6 3. d4 cxd4 4. Nxd4 Nf6 5. Nc3 d6 6. Be2 g6 7. Be3 Bg7 8.
Qd2 Ng4 9. Bxg4 Bxg4 10. f3 Bd7 11. Nb3 Ne5 12. Qe2 Qc8 13. Bd4 O-O 14. O-O
Nc4 15. Nd5 Re8 16. Bxg7 Kxg7 17. Qf2 f5 18. c3 e6 19. Nf4 b5 20. h4 e5 21.
Nd5 Bc6 22. Rad1 a5 23. Nc1 Qb7 24. b3 Na3 25. h5 g5 26. Ne3 Qf7 27. Nxf5+ Kf8
28. Nxd6 Qxh5 29. Nxe8 {#r} 1-0

[Event "Thursday Knighter III: PREMIER"]
[Site "Minneapolis, MN"]
[Date "2018.03.22"]
[Round "4.4"]
[White "Marquina, Efrain"]
[Black "Boardman, Larry"]
[Result "1-0"]
[WhiteElo "1645"]
[BlackElo "2005"]

1. d4 Nf6 2. c4 e6 3. Nf3 c5 4. d5 exd5 5. cxd5 d6 6. Nc3 g6 7. g3 Bg7 8. Bg2
O-O 9. O-O a6 10. a4 Re8 11. Nd2 Nbd7 12. Nc4 Ne5 13. Na3 Bd7 14. f4 Neg4 15.
Nc4 Qe7 16. a5 h5 17. h3 Nh6 18. e4 Bb5 19. Nxb5 axb5 20. Nb6 Rad8 21. Qc2 Nd7
22. Bd2 Bd4+ 23. Kh2 f5 24. e5 Nxb6 25. axb6 Qh7 26. Bf3 dxe5 27. fxe5 Ng4+
28. Kg2 Nxe5 29. Be2 Qd7 30. Bg5 Qxd5+ 31. Kh2 Rd6 32. Bxb5 Rc8 33. Bf4 Rxb6
34. Bxe5 Rxb5 35. Bxd4 Qxd4 36. Rab1 Rd8 37. Rfd1 {#r} 1-0

[Event "Thursday Knighter III: PREMIER"]
[Site "Minneapolis, MN"]
[Date "2018.03.22"]
[Round "4.5"]
[White "Wijetunge, Ivan"]
[Black "McNeil, John"]
[Result "0-1"]
[WhiteElo "2055"]
[BlackElo "1757"]

1. d4 d6 2. Bf4 Nf6 3. Nc3 g6 4. e4 Bg7 5. Qd2 O-O 6. Bh6 c6 7. O-O-O b5 8.
Bd3 b4 9. Nce2 Bxh6 10. Qxh6 Be6 11. Kb1 Qa5 12. c4 bxc3 13. Nxc3 Na6 14. a3
Rab8 15. Qd2 Qxa3 16. Nf3 Rb6 17. Bxa6 Qxa6 18. Rc1 Rfb8 19. Rhe1 Rxb2+ 20.
Qxb2 Rxb2+ 21. Kxb2 Qb6+ 22. Kc2 Qb3+ 23. Kd2 Ng4 24. h3 Nxf2 25. Rf1 Nxh3 26.
gxh3 Bxh3 27. Rf2 f6 28. Rb1 Qe6 29. Rb8+ Kg7 30. e5 dxe5 31. Ne4 exd4 32. Re2
Qa2+ 33. Ke1 Qa5+ 34. Ned2 Qc7 35. Rb3 Bg4 36. Rg2 Be6 37. Ra3 c5 38. Re2 Bg4
39. Rg2 Bf5 40. Nh4 Bd7 41. Re2 e5 42. Nc4 Bb5 43. Rea2 a6 44. Nd2 c4 {#R} 0-1

[Event "Thursday Knighter III: OPEN"]
[Site "Minneapolis, MN"]
[Date "2018.03.22"]
[Round "4.2"]
[White "Buyukdag, Yusuf"]
[Black "Lochridge, Charles"]
[Result "1-0"]
[WhiteElo "1102"]
[BlackElo "1209"]

1. d4 Nf6 2. c4 g6 3. Nc3 d5 4. cxd5 Nxd5 5. e4 Nxc3 6. bxc3 Bg7 7. Be3 c5 8.
Nf3 Nc6 9. Be2 O-O 10. Qd2 cxd4 11. Nxd4 Qa5 12. O-O Rd8 13. Rfd1 Be6 14. Qb2
Bc8 15. Qb3 e5 16. Nxc6 Rxd1+ 17. Rxd1 bxc6 18. Bc4 Qc7 19. Bc5 Bf8 20. Bxf8
Kxf8 21. Qb4+ c5 22. Qb2 Qb6 23. Qd2 Ke7 24. Qd5 Be6 25. Qxa8 Bxc4 26. Qh8 Ke6
27. Qe8+ Kf6 28. Qd8+ Qxd8 29. Rxd8 Bxa2 30. Rd6+ Ke7 31. Ra6 Bb1 32. f3 c4
33. Kf2 Bd3 34. Ke3 Bf1 35. g3 Bh3 36. f4 exf4+ 37. gxf4 Be6 38. e5 Kd7 39.
Kd4 Kc7 40. Rxa7+ Kb6 41. Ra8 Kc6 42. Rd8 Kb6 43. Rb8+ Kc6 44. Rb4 {#r} 1-0

[Event "Thursday Knighter III: OPEN"]
[Site "Minneapolis, MN"]
[Date "2018.03.22"]
[Round "4.3"]
[White "Melander, Robert"]
[Black "Khann, Riaz"]
[Result "1-0"]
[WhiteElo "1541"]
[BlackElo "1506"]

1. e4 c5 2. Nf3 d6 3. d4 cxd4 4. Nxd4 Nf6 5. Nc3 g6 6. Be3 Bg7 7. h3 O-O 8.
Bc4 Nc6 9. Bb3 Bd7 10. Qd2 Na5 11. O-O-O Nxb3+ 12. Nxb3 b5 13. f3 b4 14. Nd5
Nxd5 15. exd5 a5 16. Nd4 Qc8 17. Bg5 Re8 18. Rhe1 Bxd4 19. Qxd4 Bf5 20. Rd2 f6
21. Bh4 Qc5 22. g4 Qxd4 23. Rxd4 Bd7 24. Rde4 Kf7 25. Kd2 Rac8 26. c4 bxc3+
27. bxc3 Bb5 28. Bf2 Bc4 29. Bb6 Bxa2 30. Rd4 a4 31. Rxa4 Bxd5 32. f4 Bg2 33.
h4 h6 34. Ra7 Rc4 35. Bd4 Rcc8 36. g5 hxg5 37. hxg5 fxg5 38. fxg5 Ra8 39. Rc7
Kf8 40. Re6 Kf7 41. Rxd6 Ra2+ 42. Ke3 Ra1 43. Rf6+ Kg7 44. Rf1+ Kg8 45. Rxa1
e5 46. Bc5 e4 47. Raa7 Re5 48. Rg7+ Kh8 49. Rh7+ Kg8 50. Rag7# 1-0

[Event "Thursday Knighter III: OPEN"]
[Site "Minneapolis, MN"]
[Date "2018.03.22"]
[Round "4.4"]
[White "Berg, Vincent"]
[Black "Wisniewski, Vincent"]
[Result "0-1"]
[WhiteElo "1678"]
[BlackElo "1432"]

1. Nf3 d5 2. g3 Nf6 3. Bg2 Bf5 4. d3 Nc6 5. O-O e5 6. Bg5 Be7 7. Nbd2 h6 8.
Bxf6 Bxf6 9. e4 Bg4 10. h3 Be6 11. Re1 d4 12. a3 h5 13. b4 g5 14. b5 Na5 15.
Kh2 g4 16. Ng1 b6 17. Nf1 Qd7 18. f4 Qxb5 19. f5 Bd7 20. Ne2 Qc5 21. Qd2 Qe7
22. h4 Bg7 23. Nxd4 exd4 24. e5 Bh6 25. Qf2 O-O-O 26. e6 Bc6 27. f6 Qd6 28. e7
Rde8 29. Qf5+ Kb7 30. Bxc6+ Nxc6 31. Re2 Nb8 32. Rae1 Nd7 33. Qxh5 Nxf6 34.
Qxf7 Rh7 35. Qh5 Nxh5 {#R} 0-1

[Event "Thursday Knighter III: OPEN"]
[Site "Minneapolis, MN"]
[Date "2018.03.22"]
[Round "4.5"]
[White "McGrath, Dennis"]
[Black "Lothrop, Jack"]
[Result "1/2-1/2"]
[WhiteElo "1645"]
[BlackElo "1506"]

1. d4 Nf6 2. c4 g6 3. f3 Bg7 4. e4 d6 5. Nc3 O-O 6. Be3 e5 7. d5 Nbd7 8. Nh3
a5 9. Nf2 Nc5 10. b3 Nh5 11. Qd2 f5 12. exf5 gxf5 13. Bh6 Bxh6 14. Qxh6 Qe8
15. Qd2 Qg6 16. O-O-O Nf6 17. Be2 Kh8 18. Rdg1 Bd7 19. g4 fxg4 20. fxg4 Nfe4
21. Nfxe4 Nxe4 22. Nxe4 Qxe4 23. Bd3 Qf4 24. h3 Qxd2+ 25. Kxd2 Rf2+ 26. Be2
Raf8 27. Rf1 Kg7 28. Ke3 Rxf1 29. Rxf1 Rxf1 30. Bxf1 Be8 31. h4 Bg6 32. Bd3 c6
33. Be4 c5 34. Bd3 Be8 35. a4 h6 36. Kf3 Bd7 37. Kg3 Be8 38. Be4 Bg6 39. Kf3
Kf6 40. Ke3 {#d} 1/2-1/2

[Event "Thursday Knighter III: OPEN"]
[Site "Minneapolis, MN"]
[Date "2018.03.22"]
[Round "4.7"]
[White "Myrin, Norman"]
[Black "Hale, Roger"]
[Result "1-0"]
[WhiteElo "1974"]
[BlackElo "1979"]

1. d4 d5 2. e3 Nf6 3. Bd3 e6 4. Nd2 Nc6 5. f4 b6 6. c3 a5 7. Bb5 Bd7 8. e4
dxe4 9. Qe2 Qb8 10. Nxe4 Be7 11. Nf3 O-O 12. Nxf6+ Bxf6 13. O-O Re8 14. Qe4
Qb7 15. Ne5 Bxe5 16. fxe5 Rab8 17. Bd3 g6 18. Qf4 f6 19. exf6 Kf7 20. Qh6 Rg8
21. Qxh7+ Kf8 22. Bh6+ Ke8 23. Qxg8# 1-0

[Event "Thursday Knighter III: OPEN"]
[Site "Minneapolis, MN"]
[Date "2018.03.22"]
[Round "4.8"]
[White "Lothrop, Bill"]
[Black "Juntunen, Steven"]
[Result "0-1"]
[WhiteElo "1209"]
[BlackElo "2133"]

1. Nf3 Nc6 2. b3 e5 3. d3 Bb4+ 4. Nbd2 Bc3 5. Rb1 Nb4 6. a3 Na2 7. Bb2 Bxb2 8.
Rxb2 Nc3 9. Qa1 Qf6 10. e4 d5 11. a4 d4 12. Nb1 Nxb1 13. Rxb1 Bg4 14. Be2
O-O-O 15. O-O Ne7 16. h3 h5 17. Rfe1 Ng6 18. Nh2 Bxe2 19. Rxe2 Nf4 20. Ree1
Qg5 21. g3 Nxh3+ 22. Kg2 Nf4+ 23. Kf1 Ne6 24. Nf3 Qf6 25. Ke2 g5 26. Rh1 g4
27. Nh4 Ng5 28. Nf5 Nf3 29. Qa3 Rd7 30. b4 Qg5 31. b5 Qd2+ 32. Kf1 Qg5 33. a5
Nd2+ {#R} 0-1

[Event "Thursday Knighter III: PREMIER"]
[Site "Minneapolis, MN"]
[Date "2018.03.29"]
[Round "5.1"]
[White "Hoover, Nathan"]
[Black "Sokolovskaya, Serafima"]
[Result "0-1"]
[WhiteElo "1979"]
[BlackElo "1980"]

1. e4 b6 2. d4 Bb7 3. Bd3 e6 4. Nf3 Nf6 5. Qe2 d6 6. O-O Be7 7. c3 O-O 8. Nbd2
Nbd7 9. e5 dxe5 10. dxe5 Nd5 11. Ne4 h6 12. a3 c5 13. Rd1 Qc8 14. c4 Nc7 15.
Bf4 Rd8 16. Qe3 Bf8 17. h4 Ne8 18. Bc2 Nb8 19. Rxd8 Qxd8 20. Rd1 Qe7 21. Qd3
g6 22. h5 Nc6 23. hxg6 Rd8 24. gxf7+ Qxf7 25. Qe3 Rxd1+ 26. Bxd1 Qg7 27. Ba4
Qg6 28. Bc2 Qg7 29. Qd3 Qf7 30. Qd2 Qg7 31. Ng3 Ne7 32. Qd7 Qf7 33. Qxb7 Qxf4
34. Ba4 Ng7 35. Ne4 Qc1+ 36. Kh2 Qf4+ 37. g3 Qc1 38. Nf6+ Kf7 39. Qxa7 Qxb2
40. Kg2 Ngf5 41. Qa8 Ne3+ 42. Kg1 Nxc4 43. Qe8+ Kg7 44. Nd7 Qb1+ 45. Kg2 Qf5
46. Bb3 b5 47. a4 Ng6 48. axb5 Ncxe5 49. Nfxe5 Nxe5 50. Qxf8+ Qxf8 51. Nxf8
Kxf8 52. Bxe6 Ke7 53. Bf5 Kd6 54. Be4 Nd7 55. Kf1 Nb6 56. Ke2 Ke5 57. Kd3 Kf6
58. f4 Ke6 59. g4 Kf6 60. Kc3 Ke6 61. Bb7 Kf6 62. Kd3 Ke6 63. Ke4 Kf6 64. Bd5
Nd7 65. Bc4 Nb6 66. Bg8 Kg7 67. Be6 Kf6 68. Bf5 c4 69. Kd4 h5 {white's time
expired} {#R} 0-1

[Event "Thursday Knighter III: PREMIER"]
[Site "Minneapolis, MN"]
[Date "2018.03.29"]
[Round "5.2"]
[White "Diaz, Carlos"]
[Black "Britt, Thomas"]
[Result "1-0"]
[WhiteElo "2045"]
[BlackElo "1460"]

1. e4 c5 2. Nf3 d6 3. d4 cxd4 4. Nxd4 Nf6 5. Nc3 a6 6. Be3 e5 7. Nb3 Be6 8.
Qd2 Nbd7 9. f3 Be7 10. g4 O-O 11. g5 Nh5 12. O-O-O Rc8 13. Kb1 Qc7 14. Bd3 g6
15. Ne2 f6 16. f4 Nxf4 17. Bxf4 exf4 18. Nxf4 Bf7 19. Nd4 Qb6 20. Nde6 Bxe6
21. Nxe6 Rfe8 22. h4 fxg5 23. hxg5 Nf6 24. Nf4 Ng4 25. Bc4+ Kg7 26. Qc3+ Ne5
27. Rxh7+ Kxh7 28. Qh3+ {#r} 1-0

[Event "Thursday Knighter III: PREMIER"]
[Site "Minneapolis, MN"]
[Date "2018.03.29"]
[Round "5.3"]
[White "Louie, Terry"]
[Black "McNeil, John"]
[Result "1-0"]
[WhiteElo "1506"]
[BlackElo "1757"]

1. d4 Nf6 2. c4 d6 3. Nc3 g6 4. g3 Bg7 5. Bg2 O-O 6. e4 c6 7. Nge2 Nbd7 8. O-O
e5 9. Be3 Ng4 10. Bc1 exd4 11. Nxd4 Nde5 12. h3 Nf6 13. Qe2 Re8 14. Rd1 Qe7
15. Bf4 Nh5 16. Be3 Be6 17. b3 a6 18. Rac1 Rad8 19. f4 Nxg3 20. Qf2 Qh4 21.
fxe5 Bxe5 22. Nf3 Qh5 23. Nxe5 Qxe5 24. Bf4 Nxe4 25. Nxe4 {#r} 1-0

[Event "Thursday Knighter III: PREMIER"]
[Site "Minneapolis, MN"]
[Date "2018.03.29"]
[Round "5.4"]
[White "Newhall, Peter"]
[Black "Boardman, Larry"]
[Result "1-0"]
[WhiteElo "1067"]
[BlackElo "2005"]

1. d4 Nf6 2. Nf3 e6 3. e3 c5 4. Bd3 b6 5. O-O Bb7 6. c4 cxd4 7. exd4 Be7 8.
Nc3 d6 9. Re1 Nbd7 10. Bf4 a6 11. Qe2 O-O 12. Ng5 e5 13. dxe5 dxe5 14. Bxe5
Nxe5 15. Qxe5 Bd6 16. Qf5 g6 17. Qh3 h5 18. Nge4 Nxe4 19. Bxe4 Bxe4 20. Rxe4
Qf6 21. Re2 Bb4 22. Nd5 Qd6 23. Rd1 Kg7 24. a3 {#r} 1-0

[Event "Thursday Knighter III: OPEN"]
[Site "Minneapolis, MN"]
[Date "2018.03.29"]
[Round "5.2"]
[White "Wisniewski, Vincent"]
[Black "Melander, Robert"]
[Result "1-0"]
[WhiteElo "1432"]
[BlackElo "1541"]

1. d4 Nf6 2. c4 g6 3. Nc3 Bg7 4. e4 d6 5. Nge2 O-O 6. Ng3 e5 7. d5 Ne8 8. Be2
f5 9. exf5 Bxf5 10. Nxf5 Rxf5 11. Bg4 Rf8 12. h4 c6 13. Bg5 Qb6 14. Qd2 Qd4
15. Be6+ Kh8 16. Qxd4 exd4 17. Ne4 h6 18. O-O-O Nc7 19. Be7 Rf4 20. f3 Nxe6
21. dxe6 d5 22. Bd6 Rxe4 23. fxe4 dxc4 24. Bc5 d3 25. Rhf1 Na6 26. Bd6 Re8 27.
e7 Kg8 28. Rf3 Nb8 29. Rdf1 Nd7 30. e5 {#r} 1-0

[Event "Thursday Knighter III: OPEN"]
[Site "Minneapolis, MN"]
[Date "2018.03.29"]
[Round "5.4"]
[White "Lothrop, Jack"]
[Black "Myrin, Norman"]
[Result "1-0"]
[WhiteElo "1506"]
[BlackElo "1974"]

1. e4 e5 2. Nf3 Nc6 3. d4 exd4 4. Bc4 d6 5. Nxd4 Bd7 6. O-O Nf6 7. Nc3 Be7 8.
f4 O-O 9. a3 a6 10. b4 b5 11. Be2 Nxd4 12. Qxd4 c5 13. Qf2 cxb4 14. axb4 Qc7
15. Qd4 Rfc8 16. Bb2 Qb7 17. Kh1 Bc6 18. Bf3 Ne8 19. e5 Bxf3 20. Rxf3 dxe5 21.
fxe5 Rc4 22. Qf2 Bxb4 23. Nd1 Bc5 24. Ne3 Bxe3 25. Rxe3 Re4 {#r} 1-0

[Event "Thursday Knighter III: OPEN"]
[Site "Minneapolis, MN"]
[Date "2018.03.29"]
[Round "5.5"]
[White "Lochridge, Charles"]
[Black "Landman, Kevin"]
[Result "1/2-1/2"]
[WhiteElo "1209"]
[BlackElo "1506"]

1. d4 Nf6 2. Nf3 g6 3. c4 Bg7 4. Nc3 O-O 5. e4 d6 6. Be2 e5 7. d5 a5 8. O-O
Na6 9. Ne1 Ne8 10. f4 exf4 11. Bxf4 Qe7 12. Bf3 Nf6 13. Nd3 Nd7 14. Qd2 Ne5
15. Nxe5 Bxe5 16. Rae1 Nc5 17. Bxe5 Qxe5 18. Nb5 Qe7 19. Qd4 f6 20. Bd1 b6 21.
a4 Ba6 22. Nc3 Rae8 23. Re2 Rf7 24. b3 Kg7 25. Bc2 Qe5 26. Qd2 Nd7 27. Ref2
Qe7 28. Ne2 Bc8 29. h4 Ne5 30. Nf4 Bg4 31. Bd1 Bd7 32. h5 Ng4 33. Re2 Qe5 34.
Ree1 gxh5 35. Rf3 Kh8 36. Rh3 Rg7 37. Rxh5 Qe7 38. Re2 Rg5 39. Rxg5 fxg5 40.
Nh3 Qe5 41. Qb2 Qxb2 42. Rxb2 Rxe4 43. Re2 Rxe2 44. Bxe2 {#d} 1/2-1/2

[Event "Thursday Knighter III: OPEN"]
[Site "Minneapolis, MN"]
[Date "2018.03.29"]
[Round "5.6"]
[White "Juntunen, Steven"]
[Black "McGrath, Dennis"]
[Result "1-0"]
[WhiteElo "2133"]
[BlackElo "1645"]

1. e4 e6 2. d4 d5 3. exd5 exd5 4. Nf3 Bd6 5. Bd3 Nc6 6. O-O Bg4 7. Re1+ Nge7
8. Bg5 f6 9. Bh4 Nxd4 10. Nbd2 Qd7 11. c3 Nxf3+ 12. Nxf3 O-O-O 13. Qc2 Bxf3
14. gxf3 Kb8 15. Bg3 g6 16. Qb3 Rhe8 17. Ba6 c6 18. Bxd6+ Ka8 19. Bxb7+ Qxb7
20. Qxb7+ Kxb7 21. Rxe7+ Ka8 22. Rae1 Rxe7 23. Bxe7 Re8 24. Re3 f5 25. Bc5 Rb8
26. b4 a6 27. Re6 Rc8 28. Re7 Kb8 29. Rxh7 Re8 30. Kf1 Re6 31. Ra7 g5 32. Rxa6
Rh6 33. a4 Rxh2 34. Bd6+ Kb7 35. Bxh2 Kxa6 36. Bd6 Kb6 37. f4 g4 38. Ke2 Ka6
39. Kd3 Kb7 40. Kd4 Kb6 41. Ke5 {#r} 1-0

[Event "Thursday Knighter III: OPEN"]
[Site "Minneapolis, MN"]
[Date "2018.03.29"]
[Round "5.7"]
[White "Sorlie, Mark"]
[Black "Farah, Anthony"]
[Result "0-1"]
[WhiteElo "2025"]
[BlackElo "1928"]

1. d4 d5 2. Bf4 Nf6 3. e3 Nbd7 4. c3 e6 5. Nd2 c5 6. Ngf3 cxd4 7. exd4 Be7 8.
Bd3 Qb6 9. Rb1 Bd6 10. Bg3 Qc7 11. Qe2 h6 12. Ne5 O-O 13. O-O Bxe5 14. dxe5
Nh7 15. f4 Nc5 16. Bc2 b6 17. b4 Nd7 18. Qd3 f5 19. exf6 Ndxf6 20. f5 e5 21.
Bb3 Bb7 22. Nf3 Rfe8 23. Nd4 e4 24. Qe3 Qe7 25. Ne6 Ng4 26. Qd4 Rac8 27. h3
Ngf6 28. Bh4 Nf8 29. Bxf6 Qxf6 30. Bxd5 Qxd4+ 31. Nxd4+ Bxd5 32. Nb5 Bxa2 33.
Rbd1 Bc4 34. Nd6 Bxf1 35. Kxf1 Rcd8 36. Nxe8 Rxd1+ 37. Ke2 Rd8 38. Nc7 Kf7 39.
Ke3 Rd3+ 40. Kxe4 Rxc3 41. Nb5 Rc4+ 42. Kd5 Rxb4 43. Nxa7 Kf6 44. g4 h5 45.
Nc6 Rb3 46. Nd4 Rxh3 47. Kc6 hxg4 48. Kxb6 g3 {Game score inacurate at this
point.} {#R} 0-1

[Event "Thursday Knighter III: OPEN"]
[Site "Minneapolis, MN"]
[Date "2018.03.29"]
[Round "5.8"]
[White "Browne, Alexander"]
[Black "Manning, Gordon"]
[Result "0-1"]
[WhiteElo "1102"]
[BlackElo "1645"]

1. e4 e5 2. Nf3 Nc6 3. d4 exd4 4. Nxd4 Qh4 5. Nc3 Bb4 6. Qd3 Nf6 7. Nxc6 dxc6
8. Bd2 Bxc3 9. Bxc3 O-O 10. Bxf6 Qxf6 11. Be2 Qxb2 12. O-O Re8 13. Rfd1 Qf6
14. Rab1 b6 15. Rd2 Be6 16. Qg3 Qe7 17. Bd3 Red8 18. Re1 Qd6 19. e5 Qe7 20.
Re4 h6 21. Rf4 Qg5 22. Qe3 Bd5 23. Be4 Bxe4 24. Rxd8+ Rxd8 25. Rxe4 Rd1+ 26.
Qe1 Rxe1+ 27. Rxe1 Qd2 28. Kf1 Qxc2 29. e6 Qc4+ 30. Kg1 fxe6 31. f3 Qd4+ 32.
Kh1 Kf7 33. g4 Qf2 34. Rg1 Qxf3+ 35. Rg2 Qd1+ 36. Rg1 Qd5+ 37. Rg2 c5 38. Kg1
Ke7 39. Kf1 c4 40. Ke1 Qxg2 41. Kd1 c3 42. Kc1 Qd2+ 43. Kb1 Qb2# 0-1

[Event "Exerciser Quad 3: SECTION 1 (2151)"]
[Site "Minneapolis, MN"]
[Date "2018.03.31"]
[Round "1.1"]
[White "Titus, Andrew"]
[Black "Zagar, Dane"]
[Result "1-0"]
[WhiteElo "1528"]
[BlackElo "1972"]

1. e4 c5 2. Nf3 e6 3. d4 cxd4 4. Nxd4 a6 5. Nc3 Qc7 6. g3 b5 7. Bf4 d6 8.
Bxb5+ axb5 9. Ndxb5 Qd7 10. Bxd6 Na6 11. Qf3 Bxd6 12. O-O-O Be7 13. Rxd7 Bxd7
14. Rd1 Bxb5 15. Nxb5 Nf6 16. e5 Nd5 17. c4 Rc8 18. b3 O-O 19. Kb1 Ndb4 20.
Qb7 Bc5 21. a3 Rb8 22. Qd7 Bb6 23. Qd2 Nc6 24. f4 Nc5 25. Qc2 Ne7 26. b4 Na6
27. Nd6 Nc6 28. Qa4 Naxb4 29. axb4 Nxb4 30. Nb5 Bc5 31. Rd7 Ra8 32. Qb3 Rfb8
33. Qf3 g6 34. Rc7 Bf8 35. Rb7 Rd8 36. Nd6 Bxd6 37. exd6 Ra4 38. Qb3 Rda8 39.
Rxb4 {#r} 1-0

[Event "Exerciser Quad 3: SECTION 1 (2151)"]
[Site "Minneapolis, MN"]
[Date "2018.03.31"]
[Round "1.2"]
[White "Hoover, Nathan"]
[Black "Azar, Steven"]
[Result "1/2-1/2"]
[WhiteElo "1979"]
[BlackElo "2029"]

1. e4 e6 2. d4 d5 3. Nc3 Nf6 4. Bg5 Bb4 5. e5 h6 6. Bd2 Bxc3 7. bxc3 Ne4 8.
Qg4 g6 9. Bd3 Nxd2 10. Kxd2 c5 11. h4 c4 12. Be2 Nc6 13. Qf4 Bd7 14. Nf3 Qe7
15. a4 b6 16. h5 g5 17. Qe3 O-O-O 18. Rhe1 Rdf8 19. Nh2 f5 20. exf6 Qxf6 21.
Ng4 Qf4 22. Bf3 Kc7 23. Qxf4+ Rxf4 24. Re3 a5 25. Ke2 Rf7 26. Kf1 Rf5 27. Kg1
Kd6 28. Rb1 Kc7 29. Kh2 Nd8 30. Ra1 Nf7 31. Kg1 Kd6 32. Nh2 e5 33. Bg4 exd4
34. cxd4 Rf4 35. Bxd7 Kxd7 36. c3 Nd6 37. Re5 Kc6 38. f3 Rf5 39. Re6 Kd7 40.
Rg6 Re8 41. Ng4 Re6 42. Rxe6 Kxe6 43. Re1+ Kd7 44. Ne3 Rf7 45. Nxd5 b5 46.
axb5 Nxb5 47. Ra1 Rf5 48. Ne3 Rf6 49. Ng4 Ra6 50. Ne5+ Kc7 51. Ra4 Kd6 52.
Nxc4+ Kd5 53. Ne3+ Ke6 54. d5+ Ke5 55. Ng4+ Kd6 56. c4 Nc3 57. Ra3 Ne2+ 58.
Kf2 Nf4 59. Ra1 Kc5 60. g3 Nxh5 61. Rh1 Ng7 62. Nxh6 Kxc4 63. Nf7 Kxd5 64.
Nxg5 a4 65. Ne4 a3 66. Ra1 Kc4 67. Nd2+ Kd3 68. Ra2 Rh6 69. Kg2 Nf5 70. Nb1
Ne3+ 71. Kg1 Nc4 72. Nxa3 Ra6 73. Nc2 Rxa2 74. Nb4+ Ke3 75. Nxa2 Kxf3 76. Kh2
Ne3 77. Kh3 Nf5 78. g4 Kf4 79. Nb4 Ne3 80. Nd3+ Kg5 81. Nf2 Nxg4 {#d} 1/2-1/2

[Event "Exerciser Quad 3: SECTION 1 (2151)"]
[Site "Minneapolis, MN"]
[Date "2018.03.31"]
[Round "2.1"]
[White "Azar, Steven"]
[Black "Titus, Andrew"]
[Result "0-1"]
[WhiteElo "2029"]
[BlackElo "1528"]

1. c4 e6 2. g3 Nf6 3. Bg2 d5 4. Nf3 Be7 5. O-O O-O 6. b3 b6 7. Bb2 Bb7 8. e3
Nbd7 9. Nc3 c5 10. Qe2 a6 11. Rfd1 Qc7 12. d3 Rfd8 13. a4 Nb8 14. Qc2 Nc6 15.
Rac1 d4 16. exd4 cxd4 17. Nb1 e5 18. Ba3 Bc5 19. Bxc5 bxc5 20. Qe2 Re8 21.
Nbd2 h6 22. Rb1 Rab8 23. Rb2 Na5 24. Rdb1 e4 25. dxe4 Bxe4 26. Nxe4 Nxe4 27.
Re1 Nd6 28. Qc2 Nc6 29. Rxe8+ Rxe8 30. Qd1 Qe7 31. Bf1 Qf6 32. Bd3 g6 33. Kg2
Rb8 34. h4 Kg7 35. Qd2 Rb4 36. Rb1 h5 37. Ng5 Ne5 38. Qe2 Nxd3 39. Qxd3 Qe7
40. f3 Nf5 41. Ne4 Ne3+ 42. Kf2 f5 43. Nd2 f4 44. Rg1 Nf5 45. Ne4 fxg3+ 46.
Nxg3 Qxh4 47. Qe4 Rxb3 48. Qxh4 Nxh4 49. Nxh5+ Kh6 50. Ng3 Rxf3+ 51. Ke2 Re3+
52. Kf2 Rf3+ 53. Ke2 Rc3 54. Rh1 Rxg3 55. Rxh4+ Kg7 56. Kd2 Rc3 57. Re4 Rxc4
{#R} 0-1

[Event "Exerciser Quad 3: SECTION 1 (2151)"]
[Site "Minneapolis, MN"]
[Date "2018.03.31"]
[Round "2.2"]
[White "Zagar, Dane"]
[Black "Hoover, Nathan"]
[Result "0-1"]
[WhiteElo "1972"]
[BlackElo "1979"]

1. d4 Nf6 2. c4 e6 3. Nc3 Bb4 4. e3 O-O 5. Bd3 c5 6. Nf3 d5 7. O-O Nc6 8. cxd5
exd5 9. a3 Bxc3 10. bxc3 Qc7 11. Nh4 Re8 12. f3 b6 13. Bd2 Bd7 14. Kh1 Na5 15.
e4 dxe4 16. fxe4 Nxe4 17. Rf4 Qxf4 18. Bxf4 Nf2+ 19. Kg1 Nxd1 20. Rxd1 Bg4 21.
Rc1 Be6 22. dxc5 bxc5 23. h3 Bc4 24. Bf5 g6 25. Bg4 Nb3 26. Rb1 Rad8 27. Bd1
Re1+ {#R} 0-1

[Event "Exerciser Quad 3: SECTION 1 (2151)"]
[Site "Minneapolis, MN"]
[Date "2018.03.31"]
[Round "3.1"]
[White "Titus, Andrew"]
[Black "Hoover, Nathan"]
[Result "1-0"]
[WhiteElo "1528"]
[BlackElo "1979"]

1. e4 c5 2. Nf3 Nc6 3. d4 cxd4 4. Nxd4 Nf6 5. Nc3 e5 6. Ndb5 d6 7. Bg5 a6 8.
Na3 b5 9. Nd5 Be6 10. c3 Rc8 11. Nc2 Bxd5 12. exd5 Nb8 13. a4 Rc5 14. axb5
axb5 15. Nb4 Be7 16. Be3 O-O 17. Bxc5 dxc5 18. Nc2 c4 19. g3 Nbd7 20. d6 {#r}
1-0

[Event "Exerciser Quad 3: SECTION 1 (2151)"]
[Site "Minneapolis, MN"]
[Date "2018.03.31"]
[Round "3.2"]
[White "Azar, Steven"]
[Black "Zagar, Dane"]
[Result "1-0"]
[WhiteElo "2029"]
[BlackElo "1972"]

1. c4 e6 2. g3 d5 3. Bg2 Nf6 4. Nf3 dxc4 5. Na3 Bxa3 6. bxa3 O-O 7. Bb2 b5 8.
Nd4 Nd5 9. Nxb5 Nd7 10. Nc3 Rb8 11. Qc2 Bb7 12. O-O N7f6 13. Ne4 Nxe4 14. Bxe4
f5 15. Bg2 Nb6 16. Bxb7 Rxb7 17. Rad1 Qd7 18. d3 cxd3 19. Rxd3 Qa4 20. Qc3 c6
21. Qe5 Qc4 22. Rc1 Qxa2 23. Rxc6 Na4 24. Bd4 Nb2 25. Bxb2 Rxb2 26. Rc7 {#r}
1-0